福岡市の駅 - Statistics

General Stats
  • This quiz has been taken 98 times
  • The average score is 48 of 71
Answers on the Map
Answers color-coded by a green-red scale on the quiz's map according to % correct below.
 
Answer Stats
Group 駅名 % Correct
博多区 博多はかた
99%
中央区 天神てんじん
99%
西区 姪浜めいのはま
92%
東区 香椎かしい
90%
博多区 福岡空港ふくおかくうこう
90%
東区 貝塚かいづか
88%
中央区 薬院やくいん
88%
中央区 天神南てんじんみなみ
86%
西区 橋本はしもと
86%
博多区 中洲川端なかすかわばた
85%
東区 箱崎はこざき
84%
中央区 大濠公園おおほりこうえん
84%
早良区 西新にしじん
84%
中央区 赤坂あかさか
82%
東区 海ノ中道うみのなかみち
81%
東区 西戸崎さいとざき
79%
東区 千早ちはや
79%
博多区 東比恵ひがしひえ
79%
博多区 吉塚よしづか
79%
博多区 祇園ぎおん
78%
南区 大橋おおはし
77%
中央区 唐人町とうじんまち
75%
早良区 藤崎ふじさき
75%
博多区 櫛田神社前くしだじんじゃまえ
74%
博多区 南福岡みなみふくおか
74%
博多区 竹下たけした
73%
城南区 福大前ふくだいまえ
73%
東区 箱崎宮前はこざきみやまえ
71%
城南区 七隈ななくま
71%
東区 馬出九大病院前まいだしきゅうだいびょういんまえ
70%
東区 和白わじろ
70%
中央区 薬院大通やくいんおおどおり
68%
中央区 六本松ろっぽんまつ
68%
早良区 室見むろみ
68%
東区 福工大前ふっこうだいまえ
67%
博多区 呉服町ごふくまち
67%
博多区 千代県庁口ちよけんちょうぐち
67%
中央区 渡辺通わたなべどおり
67%
東区 西鉄香椎にしてつかしい
66%
東区 西鉄千早にしてつちはや
66%
西区 九大学研都市きゅうだいがっけんとし
66%
西区 周船寺すせんじ
66%
中央区 西鉄福岡にしてつふくおか天神てんじん
66%
城南区 別府べふ
64%
南区 高宮たかみや
63%
東区 九産大前きゅうさんだいまえ
62%
東区 箱崎九大前はこざききゅうだいまえ
62%
中央区 桜坂さくらざか
62%
西区 今宿いまじゅく
62%
西区 下山門しもやまと
62%
城南区 金山かなやま
62%
早良区 野芥のけ
62%
博多区 雑餉隈ざっしょのくま
60%
城南区 茶山ちゃやま
60%
早良区 次郎丸じろうまる
58%
東区 雁ノ巣がんのす
56%
東区 香椎花園前かしいかえんまえ
55%
南区 笹原ささばる
55%
東区 香椎神宮かしいじんぐう
53%
東区 香椎宮前かしいみやまえ
52%
城南区 梅林うめばやし
51%
東区 名島なじま
49%
東区 奈多なた
48%
早良区 賀茂かも
48%
中央区 西鉄平尾にしてつひらお
47%
東区 土井どい
45%
南区 井尻いじり
44%
東区 とうはる
42%
東区 舞松原まいまつばら
41%
東区 三苫みとま
41%
博多区 桜並木さくらなみき
36%
No matching quizzes found
Score Distribution
Percent of People with Each Score
Percentile by Number Answered
Your Score History
You have not taken this quiz